Los amores de don Tadeo / (Record no. 114455)

MARC details
000 -LEADER
campo de control de longitud fija 01022nam a2200253 i 4500
001 - NÚMERO DE CONTROL
campo de control 114455
003 - IDENTIFICADOR DE NÚMERO DE CONTROL
campo de control ES-MaACL
005 - FECHA Y HORA DE LA ÚLTIMA TRANSACCIÓN
campo de control 20240530062939.0
007 - CAMPO FIJO DE DESCRIPCIÓN FÍSICA--INFORMACIÓN GENERAL
campo de control de longitud fija t|
008 - DATOS DE LONGITUD FIJA--INFORMACIÓN GENERAL
campo de control de longitud fija 070301s1869 sp |||| | spa d
040 ## - FUENTE DE CATALOGACIÓN
Centro/agencia transcriptor ES-MaACL
245 04 - MENCIÓN DEL TÍTULO
Título Los amores de don Tadeo /
Mención de responsabilidad, etc. traducida para el Folletín de las novedades por E.H. de A.
260 ## - PUBLICACIÓN, DISTRIBUCIÓN, ETC.
Lugar de publicación, distribución, etc. Madrid :
Nombre del editor, distribuidor, etc. [s.n.],
Fecha de publicación, distribución, etc. 1869
Fabricante (Imp. de las Novedades)
300 ## - DESCRIPCIÓN FÍSICA
Extensión 11 páginas ;
Dimensiones 22 cm.
490 1# - MENCIÓN DE SERIE
Mención de serie Folletín de las novedades
530 ## - NOTA DISPONIBLE DE FORMULARIO FÍSICO ADICIONAL
Nota de formato físico adicional disponible Disponible en formato digital
830 ## - PUNTO DE ACCESO ADICIONAL DE SERIE-TÍTULO UNIFORME
Título uniforme Folletín de las novedades
9 (RLIN) 185765
852 ## - LOCALIZACIÓN
Ubicación ES-MaACL
Ubicación en estantería Depósito 2
Donativo/Legado Legado: M. de la Fuente
Número de control de estantería G-4760(2)
Encuadernación Encuadernado con otras obras formando un volumen facticio
itemnumber 118751
856 ## - LOCALIZACIÓN Y ACCESO ELECTRÓNICOS
Identificador Uniforme de Recursos <a href="https://bvpb.mcu.es/es/consulta/registro.do?id=577764">https://bvpb.mcu.es/es/consulta/registro.do?id=577764</a>
Texto de enlace Versión en línea
Nota pública Biblioteca Virtual del Patrimonio Bibliográfico
903 ## - NOMBRE PERSONAL DE DONANTE
9 69535
a Lafuente, Modesto,
d 1806-1866
e Donante
q 1
942 ## - ELEMENTOS DE ENTRADA SECUNDARIOS (KOHA)
Tipo de ítem Koha Libro impreso antiguo
Suprimir en OPAC No
Holdings
Estatus retirado Estado de pérdida Fuente del sistema de clasificación o colocación Estado de daño No para préstamo Colección Biblioteca de origen Biblioteca actual Ubicación en estantería Fecha de adquisición Fuente de adquisición Total de préstamos Signatura topográfica completa Código de barras Visto por última vez Precio de reemplazo Tipo de ítem Koha
    Clasificación decimal universal     Colección de folletos Biblioteca del Ateneo de Madrid Biblioteca del Ateneo de Madrid Depósito 2 17/01/2008 Legado   G-4760(2) 1119359 23/02/2023 23/02/2023 Libro impreso antiguo